[Event "Quebec Montcalm op"]
[Site "Quebec"]
[Date "2016.01.09"]
[Round "2"]
[White "Auger, Bertrand"]
[Black "Vadnais, Michel"]
[Result "1-0"]
[WhiteElo "1921"]
[BlackElo "1720"]
[PlyCount "81"]
[EventDate "2016.01.08"]
[EventType "swiss"]
[EventRounds "5"]
[EventCountry "CAN"]
[SourceTitle "EXT 2022"]
[Source "ChessBase"]
[SourceDate "2021.10.06"]
[SourceVersion "1"]
[SourceVersionDate "2021.10.06"]
[SourceQuality "1"]

1. Nf3 Nf6 2. g3 d5 3. Bg2 e6 4. 0-0 Be7 5. c4 c6 6. d4 0-0 7. Nc3 Nbd7 8. Ne5 Nxe5 9. dxe5 Nd7 10. cxd5 exd5 11. f4 Re8 12. Be3 Nf8 13. Qc2 f6 14. Rad1 fxe5 15. fxe5 Bd6 16. exd6 Rxe3 17. Qd2 Re8 18. e4 Qxd6 19. exd5 cxd5 20. Nxd5 Kh8 21. Qf4 Qxf4 22. Rxf4 Rd8 23. Rdf1 Bd7 24. Nc7 Rab8 25. b4 Ne6 26. Nxe6 Bxe6 27. a4 Kg8 28. Re1 Rd6 29. Rxe6 Rxe6 30. Bd5 Rbe8 31. g4 g6 32. Rf6 Kg7 33. Rxe6 Rd8 34. Bxb7 Rd4 35. Re4 Rd7 36. Bc6 Rc7 37. b5 a6 38. h4 axb5 39. axb5 h6 40. g5 hxg5 41. hxg5 1-0

[Event "Quebec Montcalm op"]
[Site "Quebec"]
[Date "2007.01.05"]
[Round "1"]
[White "Vadnais, Michel"]
[Black "Bourassa, Andre"]
[Result "1/2-1/2"]
[WhiteElo "1656"]
[BlackElo "1757"]
[PlyCount "73"]
[EventDate "2007.01.05"]
[EventType "swiss"]
[EventRounds "5"]
[EventCountry "CAN"]
[SourceTitle "EXT 2022"]
[Source "ChessBase"]
[SourceDate "2021.10.06"]
[SourceVersion "1"]
[SourceVersionDate "2021.10.06"]
[SourceQuality "1"]

1. e4 c5 2. Nf3 d6 3. c3 Nf6 4. Bd3 Nc6 5. 0-0 Bg4 6. h3 Ne5 7. Bb5+ Bd7 8. Bxd7+ Nfxd7 9. Nxe5 dxe5 10. d4 exd4 11. cxd4 cxd4 12. Qxd4 e5 13. Qa4 a6 14. Nc3 b5 15. Qc2 Rc8 16. Qe2 Rc4 17. a4 Qb6 18. axb5 axb5 19. Ra8+ Nb8 20. Nxb5 Qxb5 21. Rxb8+ Qxb8 22. Qxc4 Bd6 23. Bd2 Ke7 24. Bc3 Rc8 25. Qd3 Bb4 26. Bxb4+ Qxb4 27. Qa3 Rb8 28. f3 Qxa3 29. bxa3 Ra8 30. Ra1 Kd6 31. Kf2 Kc6 32. Ke3 Ra7 33. Kd3 Kb5 34. h4 Rd7+ 35. Ke3 Ka4 36. Ra2 Rc7 37. Kf2 1/2-1/2

[Event "Quebec-ch qual3"]
[Site "Quebec"]
[Date "2005.05.15"]
[Round "5"]
[White "Vadnais, Michel"]
[Black "L'Heureux, Clement"]
[Result "0-1"]
[WhiteElo "1673"]
[BlackElo "1850"]
[PlyCount "126"]
[EventDate "2005.05.13"]
[EventType "swiss"]
[EventRounds "5"]
[EventCountry "CAN"]
[SourceTitle "CBM 106 Extra"]
[Source "ChessBase"]
[SourceDate "2005.07.01"]
[SourceVersion "1"]
[SourceVersionDate "2005.07.01"]
[SourceQuality "1"]

1. e4 e5 2. Nf3 Nc6 3. Bb5 a6 4. Ba4 Nf6 5. 0-0 Be7 6. Re1 b5 7. Bb3 d6 8. c3 0-0 9. h3 Na5 10. Bc2 c5 11. d4 Qc7 12. d5 Bd7 13. Nbd2 Ra7 14. Nf1 Rb8 15. b3 Nb7 16. Be3 Raa8 17. Qd2 Kh8 18. Rad1 a5 19. a3 Rc8 20. N3h2 b4 21. axb4 cxb4 22. c4 Nc5 23. Bxc5 Qxc5 24. Ne3 g6 25. Ra1 a4 26. bxa4 b3 27. Bxb3 Nxe4 28. Qc2 f5 29. Nf3 Rf8 30. Reb1 f4 31. Qxe4 fxe3 32. Qxe3 Qxe3 33. fxe3 Bxh3 34. Bc2 Bg4 35. Kf2 Ra7 36. e4 Rc8 37. Bd3 Bd8 38. Rb2 Bd7 39. Rba2 Ba5 40. Ke2 h6 41. Rb1 Kg7 42. Rb3 Bd8 43. Rba3 Bb6 44. a5 Rca8 45. axb6 Rxa3 46. Rxa3 Rxa3 47. Nxe5 Ra2+ 48. Ke3 Bc8 49. Kd4 Rxg2 50. c5 dxe5+ 51. Kxe5 Kf7 52. Kd6 Rb2 53. Kc7 Bg4 54. b7 h5 55. e5 Bf3 56. e6+ Kf6 57. b8Q Rxb8 58. Kxb8 Bxd5 59. Kc7 Bxe6 60. Be4 g5 61. Kd8 Ke5 62. Bb7 g4 63. c6 Bd5 0-1